000 00473ntaaa2200193 4500
003 01
005 20251027202317.0
008 0714s1973 ag 01
040 _aAR-BaBN
_bspa
_cAR-BaBN
_eaacr
_dRIC
082 _a280.1000 M19
100 _aMackay, John A
_915361
245 _aEcumenics
250 _a1 ed.
260 _aEnglewood Cliffs :
_bPrentice-Hall,
_cc1964
300 _a294 p
500 _aEstudio de la iglesia universal
650 _aecumenismo
942 _cBK
999 _c17902
_d17902